London hotspots (Record no. 112717)

MARC details
000 -LEADER
fixed length control field 01457cad a22002055a 4500
001 - CONTROL NUMBER
control field L153830
008 - FIXED-LENGTH DATA ELEMENTS--GENERAL INFORMATION
fixed length control field 110912s2011 xxk f 000 0 eng d
035 ## - SYSTEM CONTROL NUMBER
System control number (Sirsi) u153830
041 0# - LANGUAGE CODE
Language code of text/sound track or separate title eng
110 2# - MAIN ENTRY--CORPORATE NAME
Corporate name or jurisdiction name as entry element Knight Frank
9 (RLIN) 1530
245 00 - TITLE STATEMENT
Title London hotspots
Remainder of title residential development opportunity areas
Medium [electronic resource]
260 ## - PUBLICATION, DISTRIBUTION, ETC.
Place of publication, distribution, etc. London
Name of publisher, distributor, etc. Knight Frank
Date of publication, distribution, etc. 2011
520 ## - SUMMARY, ETC.
Summary, etc. Identifies 13 residential development hotspots in London. Predicts that prices for new-build properties in these hotspots will outperform the 30% increase in prices expected in the prime central London market between now and the end of 2015. Regeneration, new transport links such as Crossrail and supply and demand are key factors affecting value in these areas. Lists hotspots such as City of London and Eastern fringe, City road corridor, Earls Court, Farringdon, Hammersmth, King's Cross, Marylebone/Fitrovia, Mid-town, Nine Elms, Paddington and Bayswater, Southbank, Blackfriars, Victoria and White City and Westfield.
590 ## - LOCAL NOTE (RLIN)
Local note KA NTK
651 #4 - SUBJECT ADDED ENTRY--GEOGRAPHIC NAME
Geographic name London
690 ## - LOCAL SUBJECT ADDED ENTRY--TOPICAL TERM (OCLC, RLIN)
Topical term or geographic name as entry element PROPERTY-RESIDENTIAL PROPERTY-RESIDENTIAL PROPERTY MARKET
690 ## - LOCAL SUBJECT ADDED ENTRY--TOPICAL TERM (OCLC, RLIN)
Topical term or geographic name as entry element PROPERTY-RESIDENTIAL PROPERTY-RESIDENTIAL PROPERTY FINANCE AND INVESTMENT
856 40 - ELECTRONIC LOCATION AND ACCESS
Uniform Resource Identifier <a href="https://www.knightfrank.co.uk/news/London?s-residential-development-hotspots-to-outperform-prime-central-London-property-by-2016-0692.aspx">https://www.knightfrank.co.uk/news/London?s-residential-development-hotspots-to-outperform-prime-central-London-property-by-2016-0692.aspx</a>
Public note View the item free of charge (via press release) at www.knightfrank.co.uk
942 ## - ADDED ENTRY ELEMENTS (KOHA)
Suppress in OPAC 0
Holdings
Withdrawn status Lost status Source of classification or shelving scheme Damaged status Not for loan Home library Current library Shelving location Date acquired Total Checkouts Full call number Barcode Date last seen Copy number Price effective from Koha item type
    Dewey Decimal Classification     Virtual Virtual Online 12/09/2011   ONLINE PUBLICATION 153830-2001 06/08/2019 1 06/08/2019 Book